Les départements sans .... ou avec... (5) - Statistiques

Statistiques générales
  • Ce quiz a été pris 53 fois
    38 depuis la dernière actualisation
  • Le résultat moyen est 93 sur 109
Statistiques - réponses
Hint Réponse % Correct
Avec la lettre I | Avec la lettre O Loire
97%
Avec la lettre I | Avec la lettre O Loiret
97%
Ne commence pas par H mais avec au moins un H Charente
93%
Avec la lettre I | Ne commence pas par H mais avec au moins un H Charente-Maritime
93%
Avec la lettre F | Avec la lettre I Finistère
93%
Avec la lettre I | Avec la lettre O | Ne commence pas par H mais avec au moins un H Morbihan
93%
Avec la lettre I | Avec la lettre O Oise
93%
Avec la lettre I | Avec la lettre Q Pyrénées-Atlantiques
93%
Avec la lettre I Alpes-Maritimes
90%
Avec la lettre O | Ne commence pas par H mais avec au moins un H Bouches-du-Rhône
90%
Avec la lettre O Côte-d'Or
90%
Avec la lettre O Doubs
90%
Avec la lettre I | Avec la lettre O Eure-et-Loir
90%
Avec la lettre O Haute-Saône
90%
Avec la lettre I | Avec la lettre O Haute-Savoie
90%
Avec la lettre J Jura
90%
Avec la lettre I | Avec la lettre O | Avec la lettre Q Loire-Atlantique
90%
Avec la lettre I | Avec la lettre O | Ne commence pas par H mais avec au moins un H Loir-et-Cher
90%
Avec la lettre O Lot
90%
Avec la lettre O Lot-et-Garonne
90%
Avec la lettre O | Ne commence pas par H mais avec au moins un H Meurthe-et-Moselle
90%
Avec la lettre O Orne
90%
Avec la lettre I | Avec la lettre O Pyrénées-Orientales
90%
Avec la lettre I Ain
87%
Avec la lettre I | Avec la lettre O | Ne commence pas par H mais avec au moins un H Alpes-de-Haute-Provence
87%
Avec la lettre O Côtes-d'Armor
87%
Avec la lettre O Haute-Garonne
87%
Avec la lettre I | Avec la lettre O Haute-Loire
87%
Avec la lettre I Indre
87%
Avec la lettre I | Avec la lettre O Indre-et-Loire
87%
Avec la lettre I | Avec la lettre O Maine-et-Loire
87%
Avec la lettre O Moselle
87%
Avec la lettre O Puy-de-Dôme
87%
Avec la lettre O | Ne commence pas par H mais avec au moins un H Rhône
87%
Avec la lettre I | Avec la lettre O Savoie
87%
Avec la lettre F | Avec la lettre I | Avec la lettre O Territoire de Belfort
87%
Avec la lettre I Aisne
83%
Avec la lettre I Allier
83%
Avec la lettre O Aveyron
83%
Avec la lettre O Calvados
83%
Ne commence pas par H mais avec au moins un H Cher
83%
Avec la lettre O Corrèze
83%
Avec la lettre O Corse-du-Sud
83%
Avec la lettre O Dordogne
83%
Avec la lettre O Drôme
83%
Avec la lettre I | Avec la lettre O Gironde
83%
Avec la lettre O Haute-Corse
83%
Avec la lettre I Hauts-de-Seine
83%
Avec la lettre O La Réunion
83%
Avec la lettre O Lozère
83%
Avec la lettre I | Avec la lettre Q Martinique
83%
Avec la lettre I Seine-et-Marne
83%
Avec la lettre I Seine-Saint-Denis
83%
Avec la lettre O Somme
83%
Avec la lettre I | Avec la lettre O Val-d'Oise
83%
Avec la lettre O Yonne
83%
Avec la lettre I Yvelines
83%
Avec la lettre O Essonne
80%
Avec la lettre O Guadeloupe
80%
Avec la lettre I Ille-et-Vilaine
80%
Avec la lettre I Nièvre
80%
Avec la lettre I | Avec la lettre O Saône-et-Loire
80%
Avec la lettre I Seine-Maritime
80%
Avec la lettre O Vosges
80%
Avec la lettre I Haute-Vienne
77%
Avec la lettre I | Ne commence pas par H mais avec au moins un H Haut-Rhin
77%
Avec la lettre I Isère
77%
Avec la lettre O Tarn-et-Garonne
77%
Avec la lettre I Vienne
77%
Avec la lettre I Ariège
73%
Avec la lettre O Mayotte
73%
Avec la lettre I Pas-de-Calais
73%
Avec la lettre I | Ne commence pas par H mais avec au moins un H Bas-Rhin
70%
Ne commence pas par H mais avec au moins un H Ardèche
67%
Ne commence pas par H mais avec au moins un H Manche
67%
Avec la lettre I Paris
67%
Ne commence pas par H mais avec au moins un H Sarthe
63%
Aucun quiz correspondant
Distribution des résultats
% des personnes avec chaque résultat
Percentile par nombre de réponses
Votre historique - résultats
Vous n’avez pas pris ce quiz depuis la dernière actualisation